000 00673cam a22002172 4500
001 0000008450
005 20151217152033.0
008 080411s xx 000 0 eng d
020 _a1405115759 :
_cKES 3350
040 _aKABU
_cKABU
245 1 0 _aCities, war, and terrorism :
_btowards an urban geopolitics /
_cedited by Stephen Graham.
260 _aOxford :
_bBlackwell,
_c2004.
300 _axxiii, 384 p.
650 0 _aCities and towns.
_@0000153077
650 0 _aUrban warfare.
_@0000159020
650 0 _aTerrorism.
_@0000159021
700 1 _aGraham, Stephen.
_@0000159022
908 _a080411
950 _@1
999 _c7574
_d7574